| 000 | 00637nam a2200229Ia 4500 | ||
|---|---|---|---|
| 003 | OSt | ||
| 005 | 20220916111028.0 | ||
| 006 | a|||||r|||| 00| 0 | ||
| 007 | ta | ||
| 008 | 220915b |||||||| |||| 00| 0 eng d | ||
| 024 | _a123521 | ||
| 037 | _cTextbook | ||
| 040 |
_beng _aARTS _cARTS |
||
| 041 | _aeng | ||
| 082 | _aV641:1:N5, 122J6 (906) | ||
| 100 | _aVan Bilsen A A J | ||
| 245 | 0 | _aUn plan de trente ans pour l'emanciplation politique de l' Afrique Belge | |
| 260 |
_aNA _bNA |
||
| 650 | _aHISTORY | ||
| 942 |
_hV641:1:N5, 122J6 (906) _cTB _2CC |
||
| 999 |
_c103851 _d103851 |
||